000 00437nam a2200181Ia 4500
003 0100
008 130303s9999 xx 000 0 und d
040 _cARRUPELIB
050 _aBX3756.I3D36
245 _aPowers of imagining
245 _bIgnatius De Loyola
260 _aAlbany
260 _bState University of New York Press
300 _axxvi
300 _b 390p. 24cm.
700 _aDe Nicolas, Antonio T. tr.
942 0 0 _01
999 _c8796
_d8796